Statystyki dla Kraje po krótkim opisie

Kliknij tutaj aby rozwiązać quiz!

Ogólne statystyki

  • Ten quiz został rozwiązany 56 razy
  • Średni wynik to 5 z 9

Statystyki odpowiedzi

Opis Krajuodpowiedź% Poprawnych
Największy kraj Ameryki PołudniowejBrazylia
96%
Największy kraj na świecieRosja
90%
Największa wyspa na świecie należąca do DaniiGrenlandia
74%
Kraj ten ma kwadratową flagę z krzyżemSzwajcaria
74%
Największy kraj na KaraibachKuba
56%
Kraj z szablą na fladzeArabia Saudyjska
40%
Kraj z fioletowym kolorem na fladzeDominika
38%
Kraj z najmniejszym zagęszczeniem ludnościMongolia
38%
Kraj z największym zagęszczeniem ludnościMonako
36%

Rozkład punktacji

Percentyl według liczby udzielonych odpowiedzi

Procent ludzi z każdym wynikiem

Twoja historia wyników

Nie rozwiązałeś tego quizu